Statistiken für Anzahl der Dinge - Mehrfachauswahl #2

Klicken Sie hier um das Quiz zu spielen!

Allgemein

  • Dieses Quiz wurde 865 mal gespielt
  • Das Durchschnittsergebnis liegt bei 7 aus 12

Antwortstatistiken

QuestionAnswer% Korrekt
Wie viele Spieler stehen pro Fussballmannschaft auf dem Feld?11
95%
Wie viele Dalmatiner hatte Cruella de Vil?101
92%
Wie viele Tage dauerte Phileas Foggs Weltreise?80
81%
Was ist die Zahl der "Bestie"?666
80%
Was ist, nach einer Legende, das gefährlichste Alter für einen Rockstar?27
74%
Wie viele Länder gibt es in Südamerika?12
71%
Wie viele Mitglieder hat die Europäische Union?27
70%
Was ist die "magische Zahl" (Magic Number) nach De La Soul?3
49%
Wie viele Sowjetstaaten gab es in der Sowjetunion?15
38%
Wie viele Frauen hatte der Prophet Mohammed?11
36%
Wie viele Jahre müssen Sie gemäß ihrem Vertrag in der "Sea Organization" von Scientology tätig sein?1,000,000,000,000
29%
Wie viele Menschen leben nach Schätzungen von 2017 in der Vatikanstadt?1,000
18%

Verteilung der Resultate

Perzentil nach korrekt beantworteten Fragen

Anzahl Personen mit jedem Resultat

Ihre Resultats-Entwicklung

Sie haben dieses Quiz noch nicht gespielt